Mexican World Cup Squad 2026 - Statistics

General Stats
  • This quiz has been taken 3 times
  • The average score is 10 of 26
Answer Stats
Hint Answer Club % Correct
FOR Santiago Giménez AC Milan
100%
GK Guillermo Ochoa AEL Limassol
67%
MID Orbelín Pineda AEK Athens
67%
FOR Raúl Jiménez Fulham
67%
FOR Alexis Vega Deportivo Toluca
33%
MID Álvaro Fidalgo Real Betis
33%
FOR Armando González Chivas Guadalajara
33%
MID Brian Gutiérrez Chivas Guadalajara
33%
GK Carlos Acevedo Santos Laguna
33%
FOR César Huerta Anderlecht
33%
DEF César Montes Lokomotiv Moscow
33%
DEF Edson Álvarez Fenerbahçe
33%
MID Érik Lira Cruz Azul
33%
MID Gilberto Mora Club Tijuana
33%
FOR Guillermo Martínez Pumas UNAM
33%
DEF Israel Reyes Club América
33%
DEF Jesús Gallardo Deportivo Toluca
33%
DEF Johan Vásquez Genoa
33%
FOR Julián Quiñones Al Qadsiah
33%
MID Luis Chávez Dynamo Moscow
33%
MID Luis Romo Chivas Guadalajara
33%
DEF Mateo Chávez AZ Alkmaar
33%
MID Obed Vargas Atlético Madrid
33%
GK Raúl Rangel Chivas Guadalajara
33%
FOR Roberto Alvarado Chivas Guadalajara
33%
DEF Jorge Sánchez PAOK
0%
No matching quizzes found
Score Distribution
Percent of People with Each Score
Percentile by Number Answered
Your Score History
You have not taken this quiz